000 00678nam a2200241Ia 4500
003 OSt
005 20220928121848.0
006 a|||||r|||| 00| 0
007 ta
008 220927b |||||||| |||| 00| 0 eng d
024 _a45095
037 _cTextual
040 _aSDCL
_cSDCL
_beng
041 _2eng
_aeng
082 _aL9G:(E:81), P8
100 _aArmstrong Donald Ed.
_9454541
245 0 _aAdvanced protocols in oxidative stress I.
260 _aNew York
_b Humana Press
_c2008
300 _axiii,430p.
_ccm.
490 _aMethods in molecular biology.
942 _hL9G:(E:81), P8
_cTEXL
_2CC
999 _c768273
_d768273